[Event "SVK-chT2B 10/11"]
[Site "Slovakia"]
[Date "2010.10.24"]
[Round "2.6"]
[White "Nagy, Attila4444"]
[Black "Krocka, Erik"]
[Result "1/2-1/2"]
[WhiteElo "1904"]
[BlackElo "1760"]
[PlyCount "83"]
[EventDate "2010.10.23"]
[EventType "team-tourn"]
[EventRounds "11"]
[EventCountry "SVK"]
[SourceTitle "EXT 2019"]
[Source "ChessBase"]
[SourceDate "2018.10.10"]
[SourceVersion "1"]
[SourceVersionDate "2018.10.10"]
[SourceQuality "1"]
[WhiteTeam "Batorove Kosihy"]
[BlackTeam "Topolcianky SK"]
[WhiteTeamCountry "SVK"]
[BlackTeamCountry "SVK"]

1. e4 c5 2. Nf3 Nc6 3. d4 cxd4 4. Nxd4 e6 5. Nc3 a6 6. Be2 d6 7. Be3 Nf6 8. f3 Be7 9. a4 0-0 10. Qd2 Qc7 11. g4 Na5 12. h4 Nc4 13. Bxc4 Qxc4 14. h5 Re8 15. g5 Nd7 16. Kf2 Ne5 17. Rag1 g6 18. Rh2 Bf8 19. f4 Nc6 20. b3 Qb4 21. Nxc6 bxc6 22. Bd4 e5 23. fxe5 dxe5 24. Be3 Be6 25. Kf3 Rad8 26. Qe1 Rd7 27. Rgh1 Qb7 28. Qg3 Qc7 29. h6 Bb4 30. Bd2 Bd6 31. Rd1 Rf8 32. Ke2 f5 33. gxf6 Rxf6 34. Rf2 Rdf7 35. Rdf1 Rxf2+ 36. Rxf2 Rxf2+ 37. Qxf2 Qf7 38. Qxf7+ Kxf7 39. Kf3 Kf6 40. Nd1 g5 41. Nf2 Bf7 42. Kg4 1/2-1/2